Tajomstvo Strašidelného zámku (Record no. 22817)
[ view plain ]
| 000 -LEADER | |
|---|---|
| fixed length control field | 00980njm a2200289 a 4500 |
| 001 - CONTROL NUMBER | |
| control field | 22817 |
| 003 - CONTROL NUMBER IDENTIFIER | |
| control field | SK-KTurca |
| 005 - DATE AND TIME OF LATEST TRANSACTION | |
| control field | 20260428151558.0 |
| 007 - PHYSICAL DESCRIPTION FIXED FIELD--GENERAL INFORMATION | |
| fixed length control field | ss usujlamunue |
| 008 - FIXED-LENGTH DATA ELEMENTS--GENERAL INFORMATION | |
| fixed length control field | 100121s1985 xo uuuu uslo d |
| 035 ## - SYSTEM CONTROL NUMBER | |
| System control number | LESKN902 |
| 040 ## - CATALOGING SOURCE | |
| Original cataloging agency | LESKN |
| Language of cataloging | slo |
| Transcribing agency | LESKN |
| 041 1# - LANGUAGE CODE | |
| Language code of text/sound track or separate title | slo |
| Language code of original | eng |
| 100 1# - MAIN ENTRY--PERSONAL NAME | |
| Personal name | Hitchcock, Alfred, |
| Dates associated with a name | 1899-1980 |
| 245 1# - TITLE STATEMENT | |
| Title | Tajomstvo Strašidelného zámku |
| Medium | zvukový dokument |
| Remainder of title | Traja pátrači |
| Statement of responsibility, etc. | Alfred Hitchcock |
| Number of part/section of a work | diel 1 |
| 260 ## - PUBLICATION, DISTRIBUTION, ETC. | |
| Place of publication, distribution, etc. | Levoča |
| Name of publisher, distributor, etc. | Ústredná knižnica pre nevidiacich Mateja Hrebendu (ÚKN) |
| Date of publication, distribution, etc. | 1985 |
| 300 ## - PHYSICAL DESCRIPTION | |
| Extent | 3 zvukové kazety (270 min.) |
| 306 ## - PLAYING TIME | |
| Playing time | 043000 |
| 490 1# - SERIES STATEMENT | |
| Series statement | Traja pátrači |
| 520 2# - SUMMARY, ETC. | |
| Summary, etc. | Detektívny príbeh pre deti a mládež. |
| 650 07 - SUBJECT ADDED ENTRY--TOPICAL TERM | |
| Topical term or geographic name entry element | romány detektívne pre deti a mládež |
| Source of heading or term | LESKN |
| 655 #7 - INDEX TERM--GENRE/FORM | |
| Genre/form data or focus term | magnetofónové kazety |
| Source of term | SNKPH |
| 700 1# - ADDED ENTRY--PERSONAL NAME | |
| Personal name | Vojtek, Ivan |
| Relationship | nrt |
| 830 #0 - SERIES ADDED ENTRY--UNIFORM TITLE | |
| Uniform title | Traja pátrači |
| 942 ## - ADDED ENTRY ELEMENTS (KOHA) | |
| Source of classification or shelving scheme | Dewey Decimal Classification |
| Koha item type | Krásna literatúra pre deti |
| Suppress in OPAC | No |
| Stav vyradenia | Strata | Poškodenie | Spôsob nadobudnutia | Domovská knižnica | Aktuálna knižnica | Dátum nadobudnutia | Cena | Total checkouts | Čiarový kód exemplára | Date last seen | Typ exemplára |
|---|---|---|---|---|---|---|---|---|---|---|---|
| Kúpa | Obecná knižnica Horná Štubňa | Obecná knižnica Horná Štubňa | 28.04.2026 | 1.00 | 4736201154 | 28.04.2026 | Krásna literatúra pre deti |
